000 00427nam a2200181Ia 4500
001 4724
005 20260306145816.0
008 260306t2012||||xx |||||||||||||| ||spa||
041 _aESP
082 _a330.0151
_bA77
100 _aArranz, Nieves
_eAUT
245 0 _aIntroducción a la teoría de juegos
260 _c2012
300 _a57 páginas :
_c29 cm.
650 _aGEN
654 _aCAN
942 _cLIB
_dJUS
_fJUS
_2ddc
_n
999 _c4724
_d4724